Juan Pablo II y los desafíos de la diplomacia pontificia. Colección de textos (1978-2003).

Uloženo v:
Podrobná bibliografie
Hlavní autor: Dupuy, André (autor)
Další autoři: Sodano, Ángelo, Cardenal (prólogo), Martino, Renato R., Cardenal (presentación)
Médium: Kniha
Jazyk:angličtina
Vydáno: Buenos Aires, Argentina: Pontificio Consejo "Justicia y Paz", 2004.
Témata:
Tagy: Přidat tag
Žádné tagy, Buďte první, kdo vytvoří štítek k tomuto záznamu!

MARC

LEADER 00000nam a22000007a 4500
003 CL-VaPUC
005 20231003154742.0
008 230927t2004 ||||| |||| 00| 0 eng d
999 |c 441875  |d 441873 
020 |a 980-12-0908-9 
040 |c Pontificia Universidad Católica de Valparaíso 
082 |2 22  |a 261.7 DUP 2004 
100 |9 408613  |a Dupuy, André  |e autor 
245 |a Juan Pablo II y los desafíos de la diplomacia pontificia.   |b Colección de textos (1978-2003). 
260 |a Buenos Aires, Argentina:   |b Pontificio Consejo "Justicia y Paz",   |c 2004. 
300 |a 533 páginas  |b + 1 CD. 
500 |a c.1 Donación Sr. Jorge Precht Pizarro. 26-05-23. Biblioteca Teología. 
583 |c 20230927  |k Yessy Sthefany Diaz Vidal 
600 0 |9 866320  |a Juan Pablo II,  |c Papa  |d 1920-2005  |q (Wojtyła, Karol Józef),   |v Discursos   |x Derecho civiles y fundamentales  
650 0 |9 257361  |a Cristianismo  |v Discursos papales   |x Aspectos políticos y jurídicos  
700 |9 884775  |a Sodano, Ángelo,   |c Cardenal  |e prólogo 
700 |9 884776  |a Martino, Renato R.,  |c Cardenal   |e presentación 
942 |2 ddc  |c BK 
952 |0 0  |1 0  |2 ddc  |4 0  |6 261_700000000000000_DUP_2004  |7 0  |8 A  |9 591729  |a BIBTEO  |b BIBTEO  |d 2023-09-27  |e Donación   |i 5658831  |o 261.7 DUP 2004  |p 5658831  |r 2025-01-17  |t 1  |w 2023-09-27  |y BK  |k ICR